[Event "Minimettes"]
[Site "?"]
[Date "2014.03.01"]
[Round "1.2"]
[White "Terrazzoni, Claire"]
[Black "Cayla, Gaelle"]
[Result "1-0"]
[WhiteElo "1596"]
[BlackElo "1250"]
[PlyCount "62"]
[EventDate "2014.03.01"]
[SourceDate "2014.03.01"]

1. e4 e5 2. Nf3 Nf6 3. Nxe5 d6 4. Nf3 Nxe4 5. Nc3 Nxc3 6. dxc3 Nc6 7. Be3 g6 8.
Qd2 Bg7 9. O-O-O O-O 10. Bh6 Bf5 11. h4 Qe7 12. Bxg7 Kxg7 13. h5 Qe4 14. hxg6
fxg6 15. Ng5 Qa4 16. Rxh7+ Kf6 17. Kb1 Ne5 18. Nh3 Nf7 19. Bd3 Be6 20. b3 Qg4
21. Nf4 Ng5 22. Rh6 Rg8 23. Rxg6+ Ke7 24. Nxe6 Nxe6 25. Rxg4 Rxg4 26. Re1 Kd7
27. Bf5 Rxg2 28. Rxe6 Rf8 29. Rf6+ Ke7 30. Rxf8 Kxf8 31. Qh6+ Ke7 1-0

[Event "Minimettes"]
[Site "?"]
[Date "2014.03.01"]
[Round "1.3"]
[White "Langevin, Pauline"]
[Black "Guyon, Sophie"]
[Result "1-0"]
[WhiteElo "1575"]
[BlackElo "1525"]
[PlyCount "69"]
[EventDate "2014.03.01"]
[SourceDate "2014.03.01"]

1. d4 d5 2. c4 c6 3. Nc3 Nf6 4. Nf3 a6 5. Bg5 Nbd7 6. e3 e6 7. Rc1 Be7 8. Bd3
h6 9. Bh4 b5 10. b3 Bb7 11. O-O O-O 12. Qc2 Rc8 13. Qe2 b4 14. Na4 a5 15. c5
Re8 16. Nd2 e5 17. dxe5 Nxe5 18. Nb6 Nxd3 19. Qxd3 Rb8 20. Bg3 Bxc5 21. Bxb8
Bxb6 22. Bf4 Qc8 23. Rfd1 Qg4 24. h3 Qh5 25. Nf1 Ne4 26. Ng3 Nxg3 27. Bxg3 Re6
28. Re1 Rg6 29. Qe2 Qg5 30. Qf3 d4 31. exd4 Bxd4 32. Re8+ Kh7 33. Rd1 c5 34.
Qxb7 Qxg3 35. Rxd4 1-0

[Event "Minimettes"]
[Site "?"]
[Date "2014.03.01"]
[Round "2.1"]
[White "Gautier, Pauline"]
[Black "Lucas, Maeline"]
[Result "0-1"]
[WhiteElo "1214"]
[BlackElo "1520"]
[PlyCount "110"]
[EventDate "2014.03.01"]
[SourceDate "2014.03.01"]

1. e4 d6 2. Nf3 Nf6 3. Nc3 g6 4. Bc4 Bg7 5. d4 O-O 6. Be3 Na6 7. O-O c5 8. Qd2
cxd4 9. Nxd4 Nc7 10. f4 a6 11. f5 b5 12. Bb3 d5 13. e5 Ng4 14. Bf4 Nxe5 15. Bh6
Ng4 16. Bxg7 Kxg7 17. Qg5 Nf6 18. Rf3 e5 19. Nc6 Qd6 20. Bxd5 Ncxd5 21. Na5
Nxc3 22. bxc3 e4 23. Rf4 Qd2 24. Nb3 Qxc3 25. Rd1 Qe5 26. Rdf1 e3 27. h4 e2 28.
Re1 Bxf5 29. Nd4 Qe3+ 30. Kh2 Ng4+ 31. Kh1 Nf2+ 32. Kh2 Bh3 33. gxh3 Qxh3+ 34.
Kg1 f6 35. Qd5 Qg3+ 36. Qg2 Nh3+ 37. Kh1 Qxg2+ 38. Kxg2 Nxf4+ 39. Kf3 g5 40. c3
Rac8 41. Nxe2 Nxe2 42. Rxe2 Rxc3+ 43. Kg4 gxh4 44. Kxh4 Rd8 45. Kh5 Rd5+ 46.
Kg4 Rd4+ 47. Kf5 Kf7 48. Re4 Rxe4 49. Kxe4 Rc5 50. Kd4 Rh5 51. Ke4 Ke6 52. Kf4
Rh4+ 53. Kg3 Ra4 54. Kf3 Ke5 55. a3 Rc4 0-1

[Event "Minimettes"]
[Site "?"]
[Date "2014.03.01"]
[Round "2.2"]
[White "Bernardon, Pauline"]
[Black "Terrazzoni, Claire"]
[Result "0-1"]
[WhiteElo "1491"]
[BlackElo "1596"]
[PlyCount "128"]
[EventDate "2014.03.01"]
[SourceDate "2014.03.01"]

1. e4 c5 2. Nf3 d6 3. c3 Nf6 4. Bc4 e6 5. d3 Be7 6. O-O O-O 7. Be3 Nc6 8. Nbd2
d5 9. Bb3 Qc7 10. h3 Rd8 11. exd5 Nxd5 12. Bg5 Nf4 13. Bxf4 Qxf4 14. Ne4 Ne5
15. Nxe5 Qxe5 16. Qf3 Bd7 17. Rad1 Bc6 18. Qe3 b6 19. Rfe1 Bd5 20. d4 cxd4 21.
cxd4 Qxe4 22. Qxe4 Bxe4 23. Rxe4 Bf6 24. Bc4 Rd6 25. b3 Rad8 26. d5 Kf8 27. Re3
exd5 28. Red3 d4 29. g4 h6 30. f4 Rb8 31. a4 Re8 32. Rf1 Re2 33. g5 Be7 34.
Rxd4 Rxd4 35. Bxe2 hxg5 36. fxg5 Bxg5 37. Bc4 f6 38. Re1 f5 39. Re6 f4 40. Re5
Bf6 41. Rf5 Ke7 42. Kf2 g5 43. Kf3 Rd2 44. h4 gxh4 45. Rxf4 h3 46. Re4+ Kd8 47.
Kg3 h2 48. Re1 Bd4 49. Rh1 Bg1 50. Kh3 Kc7 51. Kg3 Kd6 52. Kh3 Kc5 53. Kg3 Rd4
54. Bb5 Rb4 55. Bc4 Rxc4 56. bxc4 Kxc4 57. Rxh2 Bxh2+ 58. Kxh2 b5 59. axb5 Kxb5
60. Kg2 a5 61. Kf2 a4 62. Ke3 a3 63. Kd2 a2 64. Kc2 a1=Q 0-1

[Event "Minimettes"]
[Site "?"]
[Date "2014.03.01"]
[Round "2.3"]
[White "Cayla, Gaelle"]
[Black "Langevin, Pauline"]
[Result "0-1"]
[WhiteElo "1250"]
[BlackElo "1575"]
[PlyCount "40"]
[EventDate "2014.03.01"]
[SourceDate "2014.03.01"]

1. e4 c5 2. Nc3 d6 3. Nf3 Nf6 4. Bc4 Nc6 5. O-O Bg4 6. d3 g6 7. Bg5 Bg7 8. Qe2
Nd4 9. Qe3 Bxf3 10. gxf3 Nxc2 11. Qf4 Nxa1 12. Rxa1 O-O 13. Rd1 Qd7 14. e5 Nh5
15. Qe4 Bxe5 16. Nd5 Qh3 17. d4 Bxh2+ 18. Kh1 Bg3+ 19. Kg1 Qh2+ 20. Kf1 Qxf2#
0-1

[Event "Minimettes"]
[Site "?"]
[Date "2014.03.02"]
[Round "3.1"]
[White "Terrazzoni, Claire"]
[Black "Gautier, Pauline"]
[Result "1-0"]
[WhiteElo "1596"]
[BlackElo "1214"]
[PlyCount "133"]
[EventDate "2014.03.01"]
[SourceDate "2014.03.01"]

1. e4 e6 2. d4 d5 3. Nc3 c5 4. exd5 exd5 5. Nf3 Nf6 6. Be2 Nc6 7. O-O Bd6 8.
Be3 b6 9. Bb5 Bb7 10. Bg5 O-O 11. Kh1 Be7 12. dxc5 bxc5 13. Kg1 Qd6 14. Re1
Rad8 15. Qd2 d4 16. Nb1 Qd5 17. Bxc6 Qxc6 18. Rxe7 Ba8 19. Na3 h6 20. Bxf6 Qxf6
21. Qe2 Qb6 22. Nc4 Qb5 23. b3 Bc6 24. Re1 a5 25. Nce5 Qxe2 26. Rxe2 Bb5 27.
Re1 a4 28. Rb7 Ba6 29. Rb6 Bc8 30. Nc6 Rd7 31. Ne7+ Kh8 32. Nxc8 Rxc8 33. Rd1
Rcd8 34. Ne5 Re7 35. Nc6 Re6 36. Nxd8 Rxb6 37. Nxf7+ Kg8 38. Ne5 axb3 39. axb3
Ra6 40. Nd3 Kf7 41. Rc1 Ra3 42. Nxc5 Kf6 43. Kf1 Ke5 44. Ke2 Kd5 45. Na4 Ra2
46. Kd3 g5 47. Re1 h5 48. c4+ Kd6 49. Re2 Ra1 50. Kxd4 Rd1+ 51. Kc3 Rh1 52. h3
g4 53. hxg4 hxg4 54. Re4 Rc1+ 55. Kb4 Rc2 56. Rxg4 Rxf2 57. c5+ Kd5 58. Nb6+
Kc6 59. Rg6+ Kb7 60. Kb5 Kc7 61. Rg7+ Kd8 62. Rd7+ Ke8 63. c6 Rc2 64. c7 Rc3
65. Rd8+ Ke7 66. c8=Q Rxc8 67. Rxc8 1-0

[Event "Minimettes"]
[Site "?"]
[Date "2014.03.02"]
[Round "3.2"]
[White "Guyon, Sophie"]
[Black "Cayla, Gaelle"]
[Result "1-0"]
[WhiteElo "1525"]
[BlackElo "1250"]
[PlyCount "69"]
[EventDate "2014.03.01"]
[SourceDate "2014.03.01"]

1. e4 e5 2. Nf3 Nf6 3. Nc3 d6 4. d4 Qe7 5. dxe5 dxe5 6. Bg5 Qe6 7. a3 Bc5 8.
Be2 O-O 9. O-O Nc6 10. Bxf6 Qxf6 11. Nd5 Qd6 12. Nd2 Qg6 13. Bf3 Nd4 14. Nxc7
Rb8 15. Nd5 Qg5 16. b4 Bd6 17. Nc4 Be7 18. Nce3 Ne6 19. Nf5 Bf6 20. h4 Qg6 21.
Bh5 Nf4 22. Bxg6 Nxg6 23. Nxf6+ gxf6 24. h5 Nf4 25. Qg4+ Ng6 26. hxg6 fxg6 27.
Ne7+ Kh8 28. Nxc8 Rbxc8 29. Rfd1 Rfd8 30. Rxd8+ Rxd8 31. Rd1 Rf8 32. Rd7 Kg8
33. Qe6+ Kh8 34. Qe7 Rg8 35. Qxh7# 1-0

[Event "Minimettes"]
[Site "?"]
[Date "2014.03.02"]
[Round "3.3"]
[White "Langevin, Pauline"]
[Black "Bernardon, Pauline"]
[Result "1/2-1/2"]
[WhiteElo "1575"]
[BlackElo "1491"]
[PlyCount "35"]
[EventDate "2014.03.01"]
[SourceDate "2014.03.01"]

1. d4 d5 2. c4 e6 3. Nc3 c5 4. cxd5 exd5 5. dxc5 d4 6. Ne4 f5 7. Bg5 Qd5 8. Nc3
Qxc5 9. Rc1 Nc6 10. Ne4 Qe5 11. Nd2 h6 12. Nc4 Qd5 13. Bf4 Nf6 14. Nf3 Bb4+ 15.
Bd2 Bxd2+ 16. Ncxd2 Qxa2 17. Qb3 Qa5 18. g3 1/2-1/2

[Event "Minimettes"]
[Site "?"]
[Date "2014.03.02"]
[Round "4.1"]
[White "Gautier, Pauline"]
[Black "Langevin, Pauline"]
[Result "0-1"]
[WhiteElo "1214"]
[BlackElo "1559"]
[PlyCount "122"]
[EventDate "2014.03.01"]
[SourceDate "2014.03.01"]

1. e4 c5 2. Nf3 d6 3. d4 cxd4 4. Nxd4 Nf6 5. Nc3 g6 6. Bc4 Bg7 7. O-O O-O 8.
Be3 Nxe4 9. Nxe4 d5 10. Nf5 Bxf5 11. Bxd5 Qc7 12. Qd2 e6 13. Bf4 Qd7 14. Nc3
exd5 15. Nxd5 Rd8 16. Rad1 Nc6 17. Bg5 Kh8 18. Bxd8 Rxd8 19. c4 Ne7 20. Rfe1
Be6 21. h3 h6 22. Re3 b5 23. b3 Qd6 24. Rd3 Bf5 25. Re3 Nc6 26. cxb5 Nd4 27.
Ne7 Nf3+ 28. gxf3 Qxd2 29. Rxd2 Rxd2 30. Nc6 Rxa2 31. Re7 Ra3 32. b4 Bf8 33.
Rxf7 Kg8 34. Rb7 Ra4 35. Kg2 Bxb4 36. Kg3 Bd6+ 37. Kg2 Bc5 38. Kf1 Bxh3+ 39.
Ke2 Ra2+ 40. Kd3 Bf1+ 41. Ke4 Rxf2 42. Kd5 Bb6 43. Ke6 Bc4+ 44. Kf6 Rxf3+ 45.
Kxg6 Bf7+ 46. Rxf7 Rxf7 47. Kxh6 Rf1 48. Kg6 Rb1 49. Ne7+ Kf8 50. Nd5 Rxb5 51.
Nc3 Rb3 52. Na4 a5 53. Kf5 Rb4 54. Nc3 a4 55. Nxa4 Rxa4 56. Ke5 Rd4 57. Ke6 Rf4
58. Kd5 Rf6 59. Ke5 Ke7 60. Kd5 Rh6 61. Kc4 Rh5 0-1

[Event "Minimettes"]
[Site "?"]
[Date "2014.03.02"]
[Round "4.2"]
[White "Bernardon, Pauline"]
[Black "Guyon, Sophie"]
[Result "0-1"]
[WhiteElo "1491"]
[BlackElo "1525"]
[PlyCount "48"]
[EventDate "2014.03.01"]
[SourceDate "2014.03.01"]

1. e4 c5 2. Nf3 Nc6 3. d4 cxd4 4. Nxd4 Nf6 5. Nc3 e6 6. Bc4 Bb4 7. f3 d5 8.
exd5 Nxd5 9. Nde2 O-O 10. Bd2 Nxc3 11. Nxc3 Qh4+ 12. g3 Qxc4 13. a3 Bxc3 14.
Bxc3 e5 15. Qd2 Rd8 16. Qg5 Be6 17. f4 Qe4+ 18. Kf2 Qxc2+ 19. Kg1 Rd1+ 20. Rxd1
Qxd1+ 21. Kg2 Bd5+ 22. Kh3 Qxh1 23. fxe5 Be6+ 24. g4 Qf3+ 0-1

[Event "Minimettes"]
[Site "?"]
[Date "2014.03.02"]
[Round "4.3"]
[White "Lucas, Maeline"]
[Black "Terrazzoni, Claire"]
[Result "0-1"]
[WhiteElo "1520"]
[BlackElo "1596"]
[PlyCount "102"]
[EventDate "2014.03.01"]
[SourceDate "2014.03.01"]

1. Nf3 d5 2. g3 Nf6 3. Bg2 e6 4. O-O Be7 5. d3 O-O 6. c4 c5 7. cxd5 exd5 8. Nc3
d4 9. Ne4 Nxe4 10. dxe4 Nc6 11. Bf4 Be6 12. b3 Rc8 13. Rc1 Qa5 14. a4 Qb4 15.
Rb1 a6 16. Qc2 h6 17. Rfd1 Qa5 18. e3 Nb4 19. Qd2 dxe3 20. Bxe3 Rfd8 21. Qe2
Rxd1+ 22. Qxd1 Rd8 23. Qe2 b5 24. axb5 axb5 25. Bd2 Qa2 26. Qd1 Bg4 27. Ra1
Bxf3 28. Rxa2 Bxd1 29. Ra7 Bf6 30. e5 Bxe5 31. Be4 g5 32. Be3 Bd4 33. Bd2 Bxf2+
34. Kxf2 Rxd2+ 35. Kf1 Bxb3 36. Ke1 Rxh2 37. Rb7 Bc4 38. g4 Re2+ 39. Kd1 Rxe4
40. Kd2 Rxg4 41. Ke3 h5 42. Kd2 h4 43. Ke3 h3 44. Kf3 f5 45. Rb8+ Kg7 46. Rb7+
Bf7 47. Rxf7+ Kxf7 48. Kf2 h2 49. Ke2 h1=Q 50. Kf2 Qg2+ 51. Ke3 f4# 0-1

[Event "Minimettes"]
[Site "?"]
[Date "2014.03.03"]
[Round "5.1"]
[White "Cayla, Gaelle"]
[Black "Bernardon, Pauline"]
[Result "0-1"]
[WhiteElo "1250"]
[BlackElo "1491"]
[PlyCount "68"]
[EventDate "2014.03.01"]
[SourceDate "2014.03.01"]

1. e4 d5 2. Nc3 d4 3. Nb5 e5 4. Bc4 Nf6 5. Nf3 Nc6 6. d3 a6 7. Na3 Bg4 8. h3
Bh5 9. Bg5 Be7 10. Qd2 Bb4 11. c3 dxc3 12. bxc3 Bxa3 13. Rb1 Bxf3 14. gxf3 Na5
15. Bb3 Qd6 16. O-O h6 17. Bh4 g5 18. Bg3 Nh5 19. Bh2 Qf6 20. Qe2 Nf4 21. Qe3
Nxh3+ 22. Kh1 Rg8 23. f4 Nxf4 24. d4 exd4 25. Qxd4 Qe7 26. Rfd1 Bd6 27. Rbc1
Nc6 28. Qc4 O-O-O 29. Bg1 b5 30. Qf1 Qxe4+ 31. Kh2 Ne6+ 32. Kh3 Qh1+ 33. Kg4
h5+ 34. Kf5 Qf3# 0-1

[Event "Minimettes"]
[Site "?"]
[Date "2014.03.03"]
[Round "5.2"]
[White "Guyon, Sophie"]
[Black "Gautier, Pauline"]
[Result "1-0"]
[WhiteElo "1525"]
[BlackElo "1214"]
[PlyCount "143"]
[EventDate "2014.03.01"]
[SourceDate "2014.03.01"]

1. e4 e6 2. d4 d5 3. exd5 exd5 4. h3 Nf6 5. Nf3 Nc6 6. Bd3 Bd6 7. O-O Be6 8.
Bg5 Be7 9. Nc3 Ne4 10. Nxe4 dxe4 11. Bxe7 Qxe7 12. Bxe4 Rd8 13. c3 Qf6 14.
Bxc6+ bxc6 15. Ne5 O-O 16. Nxc6 Rd5 17. Qe2 Rg5 18. h4 Rg6 19. Ne5 Rh6 20. g3
Qf5 21. Qf3 Qh3 22. Qg2 Qf5 23. Qf3 Qxf3 24. Nxf3 f5 25. Ng5 Bd5 26. f4 Rb6 27.
b3 h6 28. Nf3 Re8 29. Ne5 Be4 30. Kf2 Re7 31. Rfe1 g5 32. hxg5 hxg5 33. fxg5
Rg7 34. g6 Rf6 35. Ke3 c6 36. g4 Bc2 37. Rf1 c5 38. gxf5 cxd4+ 39. cxd4 Rc7 40.
Rac1 Rf8 41. f6 Rfc8 42. f7+ Kg7 43. f8=Q+ Rxf8 44. Rxf8 Kxf8 45. Kd2 Ke7 46.
Rxc2 Rb7 47. Kd3 Kf6 48. Rf2+ Ke6 49. Rf7 Rb8 50. g7 Rg8 51. Ke4 a5 52. d5+ Kd6
53. Rd7+ Kc5 54. Kf5 Kd4 55. Kf6 Ke4 56. Kf7 Ra8 57. g8=Q Rxg8 58. Kxg8 Kxe5
59. Kf7 Kd4 60. Ke6 Kc3 61. Ra7 Kb4 62. d6 Kb5 63. d7 Kb6 64. Rxa5 Kxa5 65.
d8=Q+ Kb4 66. a3+ Kxb3 67. Qc7 Kxa3 68. Qb6 Ka4 69. Kd5 Ka3 70. Kc4 Ka2 71. Kc3
Ka1 72. Qb2# 1-0

[Event "Minimettes"]
[Site "?"]
[Date "2014.03.03"]
[Round "5.3"]
[White "Langevin, Pauline"]
[Black "Lucas, Maeline"]
[Result "1-0"]
[WhiteElo "1559"]
[BlackElo "1520"]
[PlyCount "91"]
[EventDate "2014.03.01"]
[SourceDate "2014.03.01"]

1. d4 Nf6 2. c4 g6 3. Nc3 Bg7 4. e4 d6 5. f4 O-O 6. Nf3 c5 7. e5 dxe5 8. fxe5
Nfd7 9. Be3 cxd4 10. Bxd4 Nc6 11. Be2 Ndxe5 12. Bxe5 Qxd1+ 13. Rxd1 Nxe5 14.
O-O Be6 15. Nd5 Bxd5 16. Rxd5 Nxf3+ 17. Rxf3 Rfd8 18. Rfd3 Rxd5 19. Rxd5 e6 20.
Rd7 b6 21. b3 e5 22. Bf3 Re8 23. Rxa7 e4 24. Be2 Bd4+ 25. Kf1 f5 26. Rd7 Bb2
27. Rd6 Rb8 28. Rd7 g5 29. Rd5 Rf8 30. h3 h6 31. Rd6 h5 32. Rg6+ Kh7 33. Rxg5
h4 34. Rh5+ Kg6 35. Rxh4 Be5 36. Kf2 Rf7 37. Bh5+ Kg5 38. Rxe4 fxe4+ 39. Bxf7
Kf4 40. Bd5 Bd4+ 41. Ke2 e3 42. Bf3 Kg3 43. a3 Kf4 44. h4 Ba1 45. g4 Bc3 46. h5
1-0

[Event "Minimettes"]
[Site "?"]
[Date "2014.03.03"]
[Round "6.1"]
[White "Gautier, Pauline"]
[Black "Cayla, Gaelle"]
[Result "1-0"]
[WhiteElo "1214"]
[BlackElo "1250"]
[PlyCount "77"]
[EventDate "2014.03.01"]
[SourceDate "2014.03.01"]

1. e4 e5 2. Nf3 Nf6 3. Nxe5 d6 4. Nf3 Nxe4 5. Bc4 g6 6. d3 Nc5 7. Ng5 Qe7+ 8.
Be3 Bh6 9. O-O Bxg5 10. Bd4 O-O 11. Nd2 Nc6 12. Re1 Qd8 13. Be3 Ne5 14. Bd5 Bg4
15. f3 Bd7 16. d4 Na6 17. dxe5 dxe5 18. Qe2 Bf5 19. Bxb7 Rb8 20. Bxa6 Rxb2 21.
Rad1 Rxc2 22. Qf2 Bh4 23. g3 Be7 24. Bxa7 Bb4 25. Be3 Qa8 26. Bc4 Rd8 27. Re2
e4 28. fxe4 Bxe4 29. Bh6 Bc3 30. Rde1 Bc6 31. Re7 Bd4 32. R1e3 Rc1+ 33. Nf1 Rf8
34. R7e5 Bxe5 35. Rxe5 Rxc4 36. Qf6 Qa7+ 37. Re3 Qxe3+ 38. Nxe3 Rc1+ 39. Nf1
1-0

[Event "Minimettes"]
[Site "?"]
[Date "2014.03.03"]
[Round "6.2"]
[White "Lucas, Maeline"]
[Black "Guyon, Sophie"]
[Result "1/2-1/2"]
[WhiteElo "1520"]
[BlackElo "1525"]
[PlyCount "62"]
[EventDate "2014.03.01"]
[SourceDate "2014.03.01"]

1. Nf3 c5 2. g3 d5 3. Bg2 e6 4. O-O Nc6 5. d3 Bd6 6. c4 d4 7. Na3 a6 8. Nc2 Bd7
9. a4 Nge7 10. Bd2 a5 11. Na3 Nb4 12. Nb5 Bxb5 13. axb5 O-O 14. Bxb4 cxb4 15.
b3 e5 16. Ng5 Rb8 17. Ne4 b6 18. Qc2 f5 19. Nd2 Qc7 20. Rac1 Bc5 21. Qa2 Rf6
22. Rce1 Rh6 23. Nf3 Qd6 24. Qd2 Rd8 25. Rd1 Rf6 26. Kh1 Ng6 27. Ng5 Ne7 28. e3
dxe3 29. fxe3 h6 30. Nf3 e4 31. dxe4 Qxd2 1/2-1/2

[Event "Minimettes"]
[Site "?"]
[Date "2014.03.03"]
[Round "6.3"]
[White "Terrazzoni, Claire"]
[Black "Langevin, Pauline"]
[Result "1-0"]
[WhiteElo "1596"]
[BlackElo "1559"]
[PlyCount "65"]
[EventDate "2014.03.01"]
[SourceDate "2014.03.01"]

1. e4 c5 2. Nf3 d6 3. d4 cxd4 4. Nxd4 Nf6 5. Nc3 g6 6. Be3 Bg7 7. f3 O-O 8. Bc4
Nbd7 9. Qd2 Ne5 10. Bb3 Bd7 11. O-O-O Rc8 12. g4 Nc4 13. Bxc4 Rxc4 14. Kb1 Re8
15. h4 a5 16. h5 Nxg4 17. fxg4 Bxg4 18. hxg6 fxg6 19. Rdg1 Qd7 20. Nde2 Bxe2
21. Nxe2 Rec8 22. c3 a4 23. Bd4 e5 24. Be3 b5 25. Qd5+ Kh8 26. Rxg6 b4 27. Rxd6
Qe7 28. Rd7 Qf6 29. Rg1 bxc3 30. Nxc3 R4c7 31. Rxc7 Rxc7 32. Qa8+ Bf8 33. Nd5
1-0

[Event "Minimettes"]
[Site "?"]
[Date "2014.03.04"]
[Round "7.1"]
[White "Bernardon, Pauline"]
[Black "Gautier, Pauline"]
[Result "0-1"]
[WhiteElo "1491"]
[BlackElo "1214"]
[PlyCount "46"]
[EventDate "2014.03.01"]
[SourceDate "2014.03.01"]

1. e4 e6 2. d4 d5 3. Nd2 c5 4. c3 Qb6 5. exd5 exd5 6. Nb3 Nf6 7. Be3 Nbd7 8.
Qe2 Be7 9. dxc5 Qc7 10. g3 O-O 11. Bf4 Qd8 12. Bg2 Nxc5 13. Nxc5 Bxc5 14. Qb5
Bb6 15. O-O-O Be6 16. Qe2 Rc8 17. Kb1 Bf5+ 18. Ka1 Qd7 19. Nf3 Rfd8 20. Ne5 Qa4
21. g4 Be6 22. Bg5 d4 23. Bxb7 Qxa2# 0-1

[Event "Minimettes"]
[Site "?"]
[Date "2014.03.04"]
[Round "7.2"]
[White "Cayla, Gaelle"]
[Black "Lucas, Maeline"]
[Result "0-1"]
[WhiteElo "1250"]
[BlackElo "1520"]
[PlyCount "142"]
[EventDate "2014.03.01"]
[SourceDate "2014.03.01"]

1. e4 d6 2. d4 Nf6 3. Nc3 g6 4. Bg5 Bg7 5. Nf3 O-O 6. Bc4 c5 7. d5 Na6 8. h3
Qa5 9. O-O Qd8 10. Rb1 Nc7 11. Re1 a6 12. Bf4 b5 13. Bf1 b4 14. Na4 Bb7 15. Bc4
Rb8 16. Nb6 Nb5 17. Na4 Qa5 18. b3 Na3 19. Ra1 Nxc4 20. Qd3 Nb6 21. Nxb6 Qxb6
22. Rad1 Qb5 23. Qd2 Ra8 24. e5 dxe5 25. Bxe5 Rad8 26. d6 exd6 27. Bxd6 Rfe8
28. Qf4 Bxf3 29. gxf3 Rxe1+ 30. Rxe1 Re8 31. Be5 Nh5 32. Qg4 Rxe5 33. Qc8+ Qe8
34. Qxe8+ Rxe8 35. Rxe8+ Bf8 36. Ra8 Kg7 37. Rxa6 Nf4 38. Kh2 Ne2 39. a3 bxa3
40. Rxa3 c4 41. Ra2 cxb3 42. cxb3 Nc3 43. Rc2 Nb5 44. Rb2 Kh6 45. Kg3 f5 46. f4
Kh5 47. Rd2 g5 48. Rd7 h6 49. Rf7 Bd6 50. Rxf5 Bxf4+ 51. Kf3 Nc3 52. b4 Kh4 53.
Rxf4+ gxf4 54. Kxf4 h5 55. Kf3 Kxh3 56. Ke3 Kg2 57. f4 h4 58. f5 Nd5+ 59. Ke4
Nf6+ 60. Ke5 h3 61. Kxf6 h2 62. b5 h1=Q 63. Ke6 Qe1+ 64. Kf7 Qe5 65. Kg6 Qe8+
66. Kg5 Qxb5 67. Kg6 Qe8+ 68. Kg5 Qf8 69. f6 Kf3 70. Kg6 Ke4 71. Kg5 Qf7 0-1

[Event "Minimettes"]
[Site "?"]
[Date "2014.03.04"]
[Round "7.3"]
[White "Guyon, Sophie"]
[Black "Terrazzoni, Claire"]
[Result "0-1"]
[WhiteElo "1525"]
[BlackElo "1596"]
[PlyCount "78"]
[EventDate "2014.03.01"]
[SourceDate "2014.03.01"]

1. e4 c5 2. Nf3 d6 3. d4 cxd4 4. Nxd4 Nf6 5. Nc3 g6 6. Be3 Bg7 7. Bc4 O-O 8. h3
Nc6 9. O-O Qc7 10. Bb3 Nxd4 11. Bxd4 Bd7 12. f4 Bc6 13. Nd5 Nxd5 14. Bxd5 Rfc8
15. Bxg7 Kxg7 16. Qd4+ Kg8 17. f5 Bxd5 18. Qxd5 Qc5+ 19. Qxc5 Rxc5 20. c3 Re5
21. Rae1 Rc8 22. g4 Rc4 23. fxg6 hxg6 24. Kf2 Rcxe4 25. Rxe4 Rxe4 26. Re1 Rxe1
27. Kxe1 Kg7 28. Kf2 Kf6 29. c4 Ke5 30. Ke3 f5 31. g5 f4+ 32. Kf3 Kf5 33. h4 e5
34. b4 e4+ 35. Kf2 Kg4 36. a4 Kxh4 37. a5 Kxg5 38. a6 b6 39. c5 dxc5 0-1